000 02402nam0a2200397 4500
001 RU\NLR\BIBL_A\022207609
005 20240606113122.0
010 _a978-5-4465-4034-1
_9500
021 _aRU
_bКН-П-24-017442
_9КН-П-24-1823
035 _a(NLR Aleph) 022207609
090 _a13063564
_c13063564
100 _a20240425d2024 u y0rusy50 ca
101 0 _arus
102 _aRU
105 _ay egj 001yy
181 0 _ai4
_baxxe
182 0 _an
200 1 _aСловарь правовых терминов и определений в сфере креативной экономики
_eучебное пособие
_fМартынов Алексей Владимирович, Бундин Михаил Вячеславович, Данилов Никита Аркадьевич, Ширеева Екатерина Валерьяновна
_gпод научной редакцией д. ю. н., профессора А. В. Мартынова
_gУниверситет Лобачевского
203 _aТекст
_bвизуальный
_cнепосредственный
210 _aМосква
_cНФМИ
_cБуки Веди
_d2024
215 _a210, [1] с.
_d22
225 1 _aПриоритет 2030
_eлидерами становятся
300 _aВ конце кн. авт.: Мартынов А. В., д-р юрид. наук, проф., Бундин М. В., канд. юрид. наук, доц., Данилов Н. А., канд. юрид. наук, доц., Ширеева Е. В., канд. юрид. наук, доц.
320 _aБиблиогр.: с. 204-210 (84 назв.) и в подстроч. примеч.
320 _aАлф. указ.: с. 175-203
606 1 _aПраво и экономика
_jТерминологические словари
_92271822
_3RU\NLR\AUTH\661361615
686 1 _aХ62я212
701 1 _7ca
_8rus
_aМартынов
_bА. В.
_cд-р юрид. наук
_f1978-
_gАлексей Владимирович
_946659
_3RU\NLR\AUTH\7763730
701 1 _aБундин
_bМ. В.
_gМихаил Вячеславович
701 1 _aДанилов
_bН. А.
_gНикита Аркадьевич
701 1 _aШиреева
_bЕ. В.
_gЕкатерина Валерьяновна
942 _cBOOK
980 _aNB